| 000 | 00900nam a2200277 a 4500 | ||
|---|---|---|---|
| 003 | CO-ViMGA | ||
| 005 | 20230915224326.0 | ||
| 008 | 140327s2013 mx ad gr 00010 spa d | ||
| 020 | _z9786073217682 | ||
| 040 |
_aCO-ViMGA _bspa _cCO-ViMGA |
||
| 041 | 1 | _heng | |
| 082 | 0 | 4 |
_a519.5 T74e3 _221 |
| 100 | 1 |
_aTriola, Mario F. _9787 |
|
| 245 | 1 | 0 | _aEstadística / |
| 250 | _a11a. edición. | ||
| 260 |
_aMéxico D.F. : _bPearson Educación, _c2013. |
||
| 300 |
_axxvii, 856 p. : _bilustraciones, gráficas ; _c28 cm. |
||
| 500 | _aActualización Tecnológica. | ||
| 500 | _aIncluye índice. | ||
| 534 |
_pTítulo original : _tElementary statistics. |
||
| 650 | 1 | 4 |
_aEstadística. _9789 |
| 650 | 1 | 4 |
_aEstadística _v Problemas, ejercicios, etc. _9788 |
| 700 | 1 |
_aHernández Ramírez, Roberto, _erevisor. _9791 |
|
| 700 | 1 |
_aPineda Ayala, Leticia Esther, _etraductor. _9790 |
|
| 942 |
_2ddc _cBK |
||
| 999 |
_c11269 _d11269 |
||